[Event "EU-ch 5th"]
[Site "Antalya"]
[Date "2004.05.23"]
[Round "8"]
[White "Aronian, Levon"]
[Black "Radjabov, Teimour"]
[Result "1/2-1/2"]
[WhiteElo "2645"]
[BlackElo "2670"]
[Annotator "Postny,E"]
[PlyCount "92"]
[EventDate "2004.05.15"]
[EventType "swiss"]
[EventRounds "13"]
[EventCountry "TUR"]
[SourceTitle "CBM 101"]
[Source "ChessBase"]
[SourceDate "2004.07.27"]
[SourceVersion "1"]
[SourceVersionDate "2004.07.27"]
[SourceQuality "1"]

1. d4 d5 2. c4 c6 3. Nf3 e6 4. e3 f5 5. Bd3 Nf6 6. O-O Bd6 7. b3 {[%csl Gd6]
[%cal Gc1a3] In this opening line white is intending to exchange dark-squared
bishops via a3.} Qe7 8. Bb2 O-O 9. Qc1 Ne4 (9... Bd7 10. Ba3 Be8 11. Bxd6 Qxd6
12. Qa3 Qxa3 13. Nxa3 Bh5 14. Ng5 Re8 15. f3 Nbd7 16. Nh3 Bf7 17. Rfe1 a6 18.
Rac1 $14 {1/2-1/2 Balashov,Y-Iljushin,A/Elista 2001/CBM 83 (44)}) ({The most
popular continuation is:} 9... b6 10. Ba3 Bb7 (10... c5 11. cxd5 Nxd5 12. dxc5
bxc5 {1/2-1/2 Aleksandrov,A-Malakhov,V/Istanbul 2003/CBM 96 [Roiz,M] (40)}) (
10... Bxa3 11. Qxa3 Qxa3 12. Nxa3 Ba6 13. Rfc1 Nbd7 14. b4 Rfc8 15. b5 cxb5 16.
cxd5 Nxd5 17. Nxb5 Nc3 18. a4 Bxb5 19. axb5 Rc7 20. Kf1 $14 {1-0 Malakhov,
V-Gleizerov,E/Krasnoyarsk 2003/CBM 98 no vc (59)}) 11. Bxd6 Qxd6 12. Qa3 c5 13.
cxd5 Nxd5 14. dxc5 bxc5 {0-1 Yakovich,Y-Kharlov,A/Elista 2001/CBM 83 [Tyomkin,
D] (60)}) 10. Ba3 Nd7 11. Bxd6 Qxd6 12. Qa3 {If white succeeds to exchange
queens, the dark squares in black's camp will become vulnerable.} c5 $1 ({After
} 12... Qxa3 $6 13. Nxa3 {white has small, but stable advantage.}) 13. dxc5
$146 (13. cxd5 exd5 14. dxc5 Ndxc5 15. Be2 f4 16. exf4 Qxf4 17. b4 Qf6 18. Nbd2
Qc3 19. Qxc3 Nxc3 20. Rfe1 N5a4 $11 {0-1 Bareev,E-Jussupow,A/Prague 2002/CBM
89 (48)}) 13... Ndxc5 14. Rd1 b6 15. Be2 Bb7 {It can be concluded that black
has solved his opening problems.} 16. b4 Nd7 17. cxd5 exd5 $1 {Correct
decision.} ({After} 17... Bxd5 $6 18. Nc3 {white has some pressure.}) 18. Nd4
$6 {This is too solid. White should better try to put pressure on d5 pawn and
not close the "d" file for his rook.} (18. Nc3 $6 a5 {[%csl Ra3][%cal Gd6a3]})
({Comes to consideration} 18. Qb3 f4 19. Nbd2) 18... f4 $36 19. Nc3 Ng5 $1 {
The knight from g5 may cause troubles to white's king. White should be very
careful now.} (19... Nxc3 20. Qxc3 fxe3 21. Qxe3 (21. fxe3 $11) 21... Qxb4 22.
Qe6+ Rf7 23. Bh5 g6 24. Bxg6 $6 hxg6 25. Qxg6+ Rg7 26. Qe6+ Kh8 27. Rd3 (27.
Nf5 {[%tqu "En","Please enter a move for black.","","","g7g2","",10]} Rxg2+ $1
28. Kxg2 Qg4+ 29. Kf1 (29. Kh1 d4+ $19 {[%cal Rb7h1]}) 29... Ba6+ $19) 27...
Rh7 {and black can defend successfully.}) 20. Ncb5 ({Too risky for white is} 
20. e4 $6 Ne5 (20... dxe4 $2 21. Bc4+ Kh8 22. Ne6)) ({Also bad is} 20. Nf3 $2
Nxf3+ 21. Bxf3 fxe3 22. fxe3 Rxf3 $1 23. gxf3 Ne5 $40) 20... Qg6 21. Qd3 $5 (
21. Bd3 Qh5 $1 (21... Nh3+ $2 22. Kf1 Qh5 23. Be2 Qh4 24. gxh3) 22. Bf5 (22.
Nd6 f3 $40) 22... Rxf5 23. Nxf5 Nh3+ 24. gxh3 Qxf5 $44 {[%csl Rg1]}) 21... fxe3
22. Qxg6 $5 {Aronian decided to exchange queens even at the price of two pawns!
} (22. Qxe3 Rae8 {looks dangerous for white.}) 22... exf2+ 23. Kf1 hxg6 24. Nd6
Rab8 25. Rac1 {White has obvious positional compensation for the lack of two
pawns, but objectively speaking white is fighting for a draw here.} Nf6 26. b5
Nge4 27. Nxe4 dxe4 $6 {Radjabov wants to make his bishop active, but it looks
like 27...Nxe4 was objectively stronger not giving the Pf2 so fast...} (27...
Nxe4 $142) 28. Kxf2 Bd5 29. a4 Rbe8 30. Kg1 (30. Ke3 $6 Bf7 {[%csl Re3][%cal
Gf6d5]}) 30... Nh5 ({Comes to consideration} 30... Rf7 {covering the 7th rank.}
) 31. g3 e3 $6 {[%cal Gf8f2] This looks too hastily. Black is trying to create
threats to the opponent's king, but the pawn on e3 is now vulnerable.} (31...
Rf7 $5) (31... Nf6 $5) 32. Rf1 Nf6 33. Rc3 Rf7 34. Nc2 {[%csl Re3]} Rfe7 {
Black's pieces are now tied to defend the Pe3.} 35. Rd1 Re4 36. Rd4 Rxd4 37.
Nxd4 Re4 38. Nc2 Rxa4 39. Nxe3 Ra1+ 40. Bf1 Be4 {Black still has some chances,
but it's already very close to draw. Black can not organize a passed pawn on
the queenside.} 41. Kf2 g5 42. h3 Bg6 43. Rc8+ Kh7 44. Bc4 Be4 45. Ng4 Kg6 46.
Rc7 Nxg4+ ({Black could still continue the fight:} 46... Nxg4+ 47. hxg4 Ra3 {
though his winning chances are very low.}) 1/2-1/2

[Event "EU-ch 5th"]
[Site "Antalya"]
[Date "2004.05.24"]
[Round "9"]
[White "Radjabov, Teimour"]
[Black "Naiditsch, Arkadij"]
[Result "1/2-1/2"]
[WhiteElo "2670"]
[BlackElo "2571"]
[PlyCount "132"]
[EventDate "2004.05.15"]
[EventType "swiss"]
[EventRounds "13"]
[EventCountry "TUR"]
[SourceTitle "CBM 101"]
[Source "ChessBase"]
[SourceDate "2004.07.27"]
[SourceVersion "1"]
[SourceVersionDate "2004.07.27"]
[SourceQuality "1"]

1. e4 c5 2. Nf3 d6 3. d4 cxd4 4. Nxd4 Nf6 5. Nc3 a6 6. Bc4 e6 7. Bb3 b5 8. Qf3
Qb6 9. Be3 Qb7 10. O-O-O Nbd7 11. Rhe1 Nc5 12. Bd5 exd5 13. Nxd5 Nfd7 14. Nb3
Ne5 15. Qg3 f6 16. Na5 Qf7 17. Bxc5 dxc5 18. f4 Ng6 19. e5 fxe5 20. f5 Bxf5 21.
Rxe5+ Nxe5 22. Qxe5+ Be7 23. Rf1 Rd8 24. Rxf5 Qxd5 25. Qxd5 Rxd5 26. Rxd5 O-O
27. Nc6 Rf1+ 28. Kd2 Bf6 29. Ke3 c4 30. b3 cxb3 31. axb3 Rc1 32. Rc5 Kf7 33.
Nb4 a5 34. Nd3 Rg1 35. Kf3 Rf1+ 36. Ke2 Rg1 37. Kf3 Rf1+ 38. Kg3 a4 39. Rxb5 a3
40. Ra5 Be7 41. b4 Bd6+ 42. Kg4 Ra1 43. h3 a2 44. Ra6 g6 45. Ra7+ Kf6 46. Ra6
h5+ 47. Kh4 Ke7 48. Kg5 Kf7 49. Rxd6 Re1 50. Rf6+ Ke7 51. Ra6 a1=Q 52. Rxa1
Rxa1 53. Kxg6 Ra2 54. Kxh5 Rxc2 55. g4 Rc3 56. Nf4 Rc4 57. Kg5 Kf7 58. Nd3 Rc3
59. Ne5+ Ke6 60. Ng6 Rb3 61. h4 Rxb4 62. h5 Kf7 63. Nh4 Kg7 64. Nf5+ Kh7 65. h6
Rb1 66. Kh5 Rh1+ 1/2-1/2

[Event "EU-ch 5th"]
[Site "Antalya"]
[Date "2004.05.27"]
[Round "11"]
[White "Radjabov, Teimour"]
[Black "Sargissian, Gabriel"]
[Result "1/2-1/2"]
[WhiteElo "2670"]
[BlackElo "2614"]
[PlyCount "51"]
[EventDate "2004.05.15"]
[EventType "swiss"]
[EventRounds "13"]
[EventCountry "TUR"]
[SourceTitle "CBM 101"]
[Source "ChessBase"]
[SourceDate "2004.07.27"]
[SourceVersion "1"]
[SourceVersionDate "2004.07.27"]
[SourceQuality "1"]

1. e4 e5 2. Nf3 Nc6 3. d4 exd4 4. Nxd4 Bc5 5. Nxc6 Qf6 6. Qd2 dxc6 7. Nc3 Bd4
8. Bd3 Ne7 9. O-O Ng6 10. Ne2 Bb6 11. Ng3 h5 12. Be2 Bg4 13. Qg5 Qxg5 14. Bxg5
f6 15. Bd2 Ne5 16. Bxg4 hxg4 17. Bc3 Rd8 18. Rad1 Kf7 19. Nf5 Rhe8 20. b3 Ng6
21. Rxd8 Rxd8 22. Re1 Nf4 23. Kf1 Rh8 24. Kg1 Rd8 25. Kf1 Rh8 26. Kg1 1/2-1/2

[Event "EU-ch 5th"]
[Site "Antalya"]
[Date "2004.05.28"]
[Round "12"]
[White "Radjabov, Teimour"]
[Black "Krasenkow, Michal"]
[Result "1/2-1/2"]
[WhiteElo "2670"]
[BlackElo "2609"]
[PlyCount "99"]
[EventDate "2004.05.15"]
[EventType "swiss"]
[EventRounds "13"]
[EventCountry "TUR"]
[SourceTitle "CBM 101"]
[Source "ChessBase"]
[SourceDate "2004.07.27"]
[SourceVersion "1"]
[SourceVersionDate "2004.07.27"]
[SourceQuality "1"]

1. d4 d5 2. c4 e6 3. Nf3 Nf6 4. Nc3 Be7 5. Bg5 O-O 6. e3 Nbd7 7. Qc2 c5 8. cxd5
Nxd5 9. Bxe7 Nxe7 10. Bd3 cxd4 11. Nxd4 Nf6 12. O-O Bd7 13. Rfd1 Qb6 14. Ne4
Ned5 15. Qc5 Rfd8 16. Qxb6 axb6 17. Nxf6+ Nxf6 18. Be2 Ne4 19. f3 Nf6 20. f4
Bc6 21. Nxc6 bxc6 22. a3 c5 23. Bf3 Rac8 24. Kf2 Kf8 25. e4 Ke7 26. Ke3 Ne8 27.
Be2 Nd6 28. Rac1 Rd7 29. Rc3 f6 30. Rdc1 Ra8 31. Rb3 Rb7 32. Bf3 Ra4 33. e5
Nf5+ 34. Kf2 Nd4 35. exf6+ gxf6 36. Rd3 Nxf3 37. Kxf3 e5 38. fxe5 fxe5 39. Rb3
Kd6 40. Ke2 Re4+ 41. Re3 Rxe3+ 42. Kxe3 Rg7 43. Rd1+ Ke6 44. g3 h5 45. Rd8 h4
46. Kf3 Rf7+ 47. Ke3 Rg7 48. Kf3 Rf7+ 49. Ke3 e4 50. Kxe4 1/2-1/2

[Event "EU-ch 5th"]
[Site "Antalya"]
[Date "2004.05.29"]
[Round "13"]
[White "Stefansson, Hannes"]
[Black "Radjabov, Teimour"]
[Result "1/2-1/2"]
[WhiteElo "2567"]
[BlackElo "2670"]
[PlyCount "90"]
[EventDate "2004.05.15"]
[EventType "swiss"]
[EventRounds "13"]
[EventCountry "TUR"]
[SourceTitle "CBM 101"]
[Source "ChessBase"]
[SourceDate "2004.07.27"]
[SourceVersion "1"]
[SourceVersionDate "2004.07.27"]
[SourceQuality "1"]

1. d4 Nf6 2. c4 g6 3. Nc3 Bg7 4. e4 d6 5. h3 O-O 6. Bg5 Qe8 7. Be2 e5 8. d5 a5
9. Bf3 Na6 10. Nge2 Bd7 11. Qd2 Nc5 12. h4 b5 13. cxb5 Bxb5 14. Nxb5 Qxb5 15.
Nc3 Qb4 16. Rc1 Rfb8 17. O-O Qxb2 18. Rc2 Qb4 19. Qe2 a4 20. Bd2 Qa5 21. h5 Qa6
22. hxg6 hxg6 23. Qe3 Rb4 24. Rb1 Rxb1+ 25. Nxb1 Rb8 26. Na3 c6 27. dxc6 Qxc6
28. Be1 Bf8 29. Rc4 Rb2 30. Nc2 Qb5 31. Rb4 Rxb4 32. Nxb4 Qc4 33. Be2 Qe6 34.
f3 d5 35. exd5 Nxd5 36. Nxd5 Qxd5 37. Qd2 Qc6 38. Qc2 a3 39. Bc4 Qf6 40. Bd5
Kg7 41. Qc4 Nd7 42. Qc6 Qe7 43. Qc2 Qc5+ 44. Qxc5 Bxc5+ 45. Kf1 f5 1/2-1/2

[Event "Leon 17th"]
[Site "Leon"]
[Date "2004.06.05"]
[Round "1.1"]
[White "Shirov, Alexei"]
[Black "Radjabov, Teimour"]
[Result "1/2-1/2"]
[WhiteElo "2713"]
[BlackElo "2670"]
[Annotator "Finkel,A"]
[PlyCount "74"]
[EventDate "2004.06.04"]
[EventType "k.o. (rapid)"]
[EventRounds "2"]
[EventCountry "ESP"]
[SourceTitle "CBM 102"]
[Source "ChessBase"]
[SourceDate "2004.09.23"]
[SourceVersion "1"]
[SourceVersionDate "2004.09.23"]
[SourceQuality "1"]

1. e4 e6 2. d4 d5 3. Nc3 Nf6 4. Bg5 dxe4 5. Nxe4 Nbd7 6. Nf3 h6 7. Nxf6+ Nxf6
8. Bh4 c5 9. Bc4 cxd4 (9... a6 10. a4 Be7 11. O-O cxd4 12. Qe2 O-O 13. Rad1 Qb6
14. Rxd4 (14. b3 Bd7 15. Nxd4 Rfe8 16. Nf3 Red8 17. Ne5 Be8 18. Bd3 Qb4 $11 {
Bologan,V-Gurevich,M/Saint Pierre 2000}) 14... Qxb2 15. Rfd1 b5 16. axb5 axb5
17. Bxb5 Bb7 $15 {Nataf,I-Hracek,Z/Istanbul 2000}) 10. O-O (10. Qxd4 Qxd4 11.
Nxd4 a6 12. a4 Bd7 13. f3 Rc8 14. Bb3 Bc5 15. O-O-O Rd8 $11 {Dutreeuw,
M-Arkhipov,S/Miskolc 1990/1/2-1/2 (75)}) 10... Be7 (10... Bc5 11. Qe2 O-O 12.
Rad1 Qb6 13. Bxf6 gxf6 14. Nxd4 Qxb2 15. Rd3 $40 {Kling,T-Vuksanovic,S/Erevan
olw 1996 (25)}) 11. Qe2 (11. Re1 O-O 12. Bb3 b6 13. Nxd4 Bb7 14. c3 Ne4 15.
Bxe7 Qxe7 16. Qg4 Nc5 17. Bc2 Qg5 18. h3 Rfd8 19. Re3 Qxg4 20. hxg4 Nd7 21. f3
Nf6 22. Kf2 $14 {Short,N-Huebner,R/Istanbul 2000}) 11... O-O (11... a6 12. Rad1
b5 $6 13. Bb3 Nd7 $6 14. Qe4 $1 $16 {Morozevich,A-Ulibin,M/Maikop 1998}) 12.
Rad1 Qb6 13. Nxd4 {Another attempt to fight for the advantage in the variation,
which is considered by modern theory as harmless for black.} (13. Rxd4 Qxb2 14.
Rfd1 b5 15. Bb3 Bb7 16. Qxb5 Bd5 17. Qd3 Bxb3 18. axb3 Rac8 $11 {Al Modiahki,
M-Radjabov,T/Groningen 1999}) (13. b3 Rd8 14. Qe5 Bd6 15. Qe2 Be7 16. Qe5 Bd6
17. Qe2 Be7 $13 {1/2-1/2 King,D-Huebner,R/SUI 2000/EXT 2001 (17)}) 13... Qxb2
14. Nf5 (14. Rd3) 14... exf5 {It's too dangerous to retreat with the bishop to
d8, so this capture is pretty forced:} (14... Bd8 $6 15. Rb1 Qa3 16. Nxg7 $1
Kxg7 17. Qe5 $1 $40 {[%cal Gb1b3,Gb3g3] and black is in troubles.}) 15. Qxe7
Be6 (15... g5 16. Rd8 Rxd8 17. Bxf7+ Kh8 18. Qxd8+ Kg7 19. Qe7 gxh4 20. Bb3+
Kh8 21. Qf8+ Kh7 22. Re1 $18 {[%cal Ge1e7]}) 16. Bxe6 (16. Rb1 Qe5 {After this
move black is out of danger.} 17. Bxe6 (17. Rfe1 Ne4 18. Bxe6 Qxe6 19. f3 Qxe7
20. Bxe7 Rfe8 21. Rxb7 Nc5 22. Rbb1 Ne6 $14) (17. Rb5 Qe4 18. Bxe6 Qxe6 19.
Bxf6 Qxf6 20. Qxf6 gxf6 21. Rxb7 Rfc8 $14 {Al Modiahki,M-Huzman,A/Biel 2002})
17... Qxe6 18. Bxf6 Qxf6 19. Qxf6 gxf6 20. Rxb7 Rfc8 $11 {Bruzon Bautista,
L-Nogueiras,J/Havana 2002}) 16... fxe6 (16... Rae8 $2 17. Bxf6 $1 gxf6 18.
Bxf7+ $1 $18) 17. Qxe6+ Kh8 18. Qxf5 (18. Rb1 Qxc2 19. Rxb7 $14 {and it's
still not so easy for black to defend.}) 18... Qxa2 19. Rd6 Ng8 $5 {This move
appears to be a novelty. In my opinion it's safer for black than 19..Qb2 which
was tried before.} (19... Qb2 20. Rfd1 {1/2-1/2 Belov,V-Baklan,V/Istanbul 2003/
CBM 96 (20)}) 20. Qe4 Qf7 21. Bg3 $6 {White's only chance to get anything out
of this position is by attacking the black king. I'm aware that it's easier
said than done, but after swapping a pair of rooks it becomes clear that white
is the one who has to be carefull not to find himself in troubles.} (21. f4 $6
Rac8 22. f5 Qc4 (22... Rc4 23. Rd4 Rc5 24. f6 Nxf6 25. Bxf6 gxf6 26. Rfd1 $44)
23. Qxc4 Rxc4 24. Bg3 Nf6 $15) (21. f3 $142 $5) 21... Rad8 22. Rxd8 (22. c4 b6
23. h3 Rxd6 24. Bxd6 Rc8 25. Rc1 Nf6 $11) 22... Rxd8 23. Be5 Rd7 {[%cal Gg8e7,
Ge7f5]} 24. h3 ({Deserved attention} 24. c3 {temporarily preventing black from
playing Ne7}) 24... Ne7 25. Qe3 Qg6 {Protecting the pawn on h6 and attacking
the white one on c2 at the same time.} 26. Qxa7 Qxc2 27. Qa1 Nc6 28. Bf4 Kh7
29. Be3 Qe4 30. Qb1 {Now the draw is inevitable.} Qxb1 31. Rxb1 Ne7 32. g4 Nd5
33. Kg2 Nxe3+ 34. fxe3 Rf7 35. h4 Kg8 36. g5 hxg5 37. hxg5 Rf5 1/2-1/2

[Event "Leon 17th"]
[Site "Leon"]
[Date "2004.06.05"]
[Round "1.2"]
[White "Radjabov, Teimour"]
[Black "Shirov, Alexei"]
[Result "1-0"]
[WhiteElo "2670"]
[BlackElo "2713"]
[Annotator "Huebner,R"]
[PlyCount "83"]
[EventDate "2004.06.04"]
[EventType "k.o. (rapid)"]
[EventRounds "2"]
[EventCountry "ESP"]
[SourceTitle "CBM 102"]
[Source "ChessBase"]
[SourceDate "2004.09.23"]
[SourceVersion "1"]
[SourceVersionDate "2004.09.23"]
[SourceQuality "1"]

1. d4 d5 2. c4 c6 3. Nc3 Nf6 4. e3 a6 5. Nf3 b5 6. b3 Bg4 7. Be2 e6 8. O-O Nbd7
9. h3 Bh5 10. Bb2 Bd6 11. Ne5 Bxe2 12. Nxe2 Qc7 13. cxd5 cxd5 14. Rc1 Qb8 15.
Nxd7 Kxd7 16. f3 Qb7 17. Nf4 {Zu optimistisch ist} (17. e4 dxe4 18. d5 Qxd5 19.
Qe1 Ke7 {0-1 Scholz,C-Lobzhanidze,D/Dortmund 2001/EXT 2002 (28). (28)}) 17...
Rhc8 {Es dürfte wohl nichts gegen} (17... Bxf4 18. exf4 Rac8 {sprechen; aber
auch mit dem Textzug erhält Schwarz Ausgleich.}) 18. Nd3 Ke8 19. Nc5 Qb8 20.
Qd3 Kf8 21. e4 Kg8 22. e5 Bxc5 23. dxc5 Nd7 24. Qe3 Rc6 25. f4 Qf8 26. Bd4 Re8
27. b4 Nb8 28. Qd2 Rc7 29. Rc3 Nc6 30. Rg3 a5 31. a3 axb4 32. axb4 Ra7 33. f5
exf5 34. Rxf5 Re6 35. Kh2 Qe8 ({Nach} 35... Ra4 36. Rgf3 Ra7 {ist es schwer
für Weiß, weiterzukommen.}) 36. Rf6 h5 {Schwarz unternimmt einen riskanten
Versuch, die Initiative zu ergreifen.} ({Nach} 36... Rd7 37. Qh6 g6 38. Rg4 Qf8
{dürfte nicht viel los sein.}) 37. Rf5 Rg6 (37... h4 38. Rg4 Ne7 {nebst Se7-g6
bietet nach wie vor Aussichten auf Ausgleich..}) 38. Bf2 (38. Rxg6 fxg6 39. Rf1
Qe6 {sieht solide für Schwarz aus.}) (38. Rxh5 Rxg3 39. Kxg3 f6 {ist für Weiß
nicht zu empfehlen.}) 38... Qe6 $6 (38... Rxg3 {ist besser:} 39. Bxg3 h4 40.
Bxh4 Qe6 41. Rh5 Nxe5 (41... Ra4 {scheitert an} 42. Bf6) (41... Qg6 42. Rg5 Qe4
43. Qf2 Nxe5 44. Bg3 Ng6 45. c6 {überläßt dem Weißen eine Gewinnstellung.}) 42.
Bg3 (42. Qe2 f5 43. Qxb5 Nf3+ {ist für Weiß nicht ersprießlich.}) 42... f6 {
mit unklarer Lage, zum Beispiel} 43. Bxe5 fxe5 44. Qe2 Re7 45. Qxb5 e4 46. c6
e3 47. Rxd5 e2 48. Rd8+ Kf7 {usw.}) 39. Rxh5 d4 $2 (39... Ra4 {leistet
Widerstand.}) 40. Qf4 $18 Rxg3 41. Bxg3 Ne7 42. Qh4 1-0

[Event "Leon 17th"]
[Site "Leon"]
[Date "2004.06.05"]
[Round "1.3"]
[White "Shirov, Alexei"]
[Black "Radjabov, Teimour"]
[Result "1-0"]
[WhiteElo "2713"]
[BlackElo "2670"]
[Annotator "Finkel,A"]
[PlyCount "104"]
[EventDate "2004.06.04"]
[EventType "k.o. (rapid)"]
[EventRounds "2"]
[EventCountry "ESP"]
[SourceTitle "CBM 102"]
[Source "ChessBase"]
[SourceDate "2004.09.23"]
[SourceVersion "1"]
[SourceVersionDate "2004.09.23"]
[SourceQuality "1"]

1. e4 e6 2. d4 d5 3. Nc3 Nf6 4. e5 Nfd7 5. f4 c5 6. Nf3 Nc6 7. Be3 cxd4 8. Nxd4
Bc5 9. Qd2 O-O 10. O-O-O a6 11. Qf2 $5 {Reminding Radjabov about his painfull
defeat to Kramnik in linares, which brought a new life to this continuation.}
Bxd4 (11... Nxd4 12. Bxd4 Qe7 (12... Qc7 13. Bd3 b5 14. Qh4 g6 15. Ne2 b4 16.
Qh6 Bxd4 17. Nxd4 Nc5 18. h4 $16 {Miljanic,B-Kalezic,B/Budva 2003}) 13. Bd3
Bxd4 14. Qxd4 Qc5 15. Ne2 Qxd4 16. Nxd4 Nb8 17. h4 $14 {Grischuk,A-Iljushin,A/
Krasnoyarsk 2003}) 12. Bxd4 b5 13. Be3 (13. Bd3 b4 14. Ne2 a5 15. Kb1 Ba6 16.
h4 Qc7 17. h5 Rfc8 18. Be3 a4 $36 {Kharitonov,A-Iljushin,A/Krasnoyarsk 2003})
13... b4 {This move is considerably better than 13...Bb7 which was tried by
Shirov on the black side of this line in his game against...Kramnik!} (13...
Bb7 14. Bd3 Nb4 15. Bd4 Rc8 16. Kb1 Qa5 17. a3 Nc6 18. f5 Ndxe5 $4 19. Bb6 {
1-0 Kramnik,V-Shirov,A/Monte Carlo 2003/CBM 93 ext (19)}) 14. Ne2 {I suppose
Shirov suspected that Radjabov has something up his sleeve after more
ambitious 14.Na4, so he opted for this harmless move.} (14. Na4 f6 15. exf6
Nxf6 16. Bb6 Ne4 17. Qe1 Qf6 18. g3 Qf7 19. Bg2 e5 20. Rxd5 $1 $14 {Shomoev,
A-Iljushin,A/Krasnoyarsk 2003}) 14... a5 15. Nd4 Nxd4 16. Bxd4 Ba6 {After
trading the lightsquared bishops black has no problems what so ever.} 17. Kb1
Qc7 {[%csl Ge5] Keeping an eye on e5.} (17... a4 18. h4 (18. f5 $6 {[%csl Re5]}
Qc7 19. f6 Rfc8 20. Bxa6 Rxa6 21. Qe2 Rc6 22. Rd2 g6 $13) 18... Bxf1 19. Rhxf1
Qc7 (19... b3 20. a3 bxc2+ 21. Qxc2 Qb8 22. Qc6 Rd8 23. Rc1 $14) 20. Rc1 Rfc8
21. h5 Ra6 $13 {[%cal Ga6c6,Gb4b3,Gd7c5]}) 18. h4 Rfc8 19. h5 Nc5 {Showing a
willingness to enter an equal endgame rather than complications after} (19...
Bxf1 20. Rhxf1 Ra6 21. f5 Nxe5 22. h6 $44) 20. Bxc5 Qxc5 21. Qxc5 Rxc5 22. g3
$1 {It's important to protect a pawn on f4.} Bxf1 23. Rhxf1 Rac8 24. Rf2 Rc4
25. Re2 {Covering squre e4.} Kf8 26. Rd3 Ke7 27. a3 Rb8 {Black is absolutely
safe in this endgame, but it's not over till it's over! It's amazing how
easily and elegantly Shirov manages to outplay his young opponent.} ({May be
deserved attention to look for counterplay in the center with} 27... f6 $5) 28.
Ka2 a4 29. axb4 Rcxb4 $6 (29... Rbxb4 $5 30. Red2 f6 31. exf6+ gxf6 32. c3 Rb5
33. f5 Kd6 $11) 30. c3 Rb3 31. Rc2 $1 $14 {[%csl Ra4,Gc3][%cal Gd3d4]} R3b5 32.
Rd4 Ra8 33. Rb4 {[%cal Ga2a3]} (33. Ka3 $6 Rb3+ 34. Ka2 Rb5 (34... f6 35. exf6+
gxf6 36. f5 Rb5 37. Rg4 $14)) 33... Rxb4 34. cxb4 Kd7 35. Ka3 Rc8 36. Rc3 $1 (
36. Rxc8 $2 Kxc8 37. Kxa4 Kc7 $11 {[%csl Gd5]}) 36... Rc7 37. b5 Kc8 38. Kxa4
Kb7 39. Ka5 Rc8 (39... Rd7 40. b6 $140 $6 d4 41. Rd3 f6 42. Kb5 fxe5 43. fxe5
Rd5+ 44. Kc4 Rxe5 45. Rxd4 Rxh5 $11) 40. b6 $18 Kb8 (40... Rd8 41. Rc7+ Kb8 42.
Rc6 d4 43. Rd6 Rxd6 44. exd6 Kc8 45. Kb5 d3 46. Kc6 d2 47. d7+ Kd8 48. b7 $18)
41. Ka6 Rd8 42. Rc7 d4 43. Rb7+ Ka8 44. Ra7+ Kb8 45. b4 d3 46. b7 Kc7 47. b5
Rd4 48. b6+ Kc6 49. b8=N+ Kc5 50. Rc7+ Kd5 51. Rc1 d2 52. Rd1 Ke4 1-0

[Event "Leon 17th"]
[Site "Leon"]
[Date "2004.06.05"]
[Round "1.4"]
[White "Radjabov, Teimour"]
[Black "Shirov, Alexei"]
[Result "1/2-1/2"]
[WhiteElo "2670"]
[BlackElo "2713"]
[Annotator "Lutz,C"]
[PlyCount "37"]
[EventDate "2004.06.04"]
[EventType "k.o. (rapid)"]
[EventRounds "2"]
[EventCountry "ESP"]
[SourceTitle "CBM 102"]
[Source "ChessBase"]
[SourceDate "2004.09.23"]
[SourceVersion "1"]
[SourceVersionDate "2004.09.23"]
[SourceQuality "1"]

1. d4 d5 2. c4 c6 3. Nc3 Nf6 4. e3 e6 5. Nf3 Nbd7 6. Qc2 Bd6 7. g4 dxc4 8. Bxc4
e5 $5 9. g5 Nd5 10. Bd2 exd4 11. Nxd4 O-O 12. Nxd5 cxd5 13. Bd3 g6 14. h4 Ne5 {
In der zweiten Partie gegen Radjabov wählte Shirov hier 14...Nc5.} (14... Nc5
$5 {0-1 Radjabov,T-Shirov,A/Leon 2004/CBM 102/[Lutz] (47)}) 15. Bc3 Bg4 16. Be2
Rc8 17. Bxg4 Nxg4 18. Qe2 Qd7 19. h5 {Hier wurde bereits ein Remis vereinbart.
Dabei ist die Stellung nicht besonders klar.Zwar kann Weiß die h-Linie öffnen,
aber andererseits ist auch nicht klar, wo er seinen eigenen König unterbringen
soll.} 1/2-1/2